[Event "SRB Central-chT qual"]
[Site "Nis"]
[Date "2014.10.02"]
[Round "1"]
[White "Stojanovic, Zoran J"]
[Black "Terzic, Goran"]
[Result "1-0"]
[WhiteElo "2247"]
[BlackElo "2293"]
[PlyCount "71"]
[EventDate "2014.10.02"]
[EventType "team-tourn"]
[EventRounds "7"]
[EventCountry "SRB"]
[SourceTitle "CBM 163 Extra"]
[Source "ChessBase"]
[SourceDate "2014.12.23"]
[SourceVersion "1"]
[SourceVersionDate "2014.12.23"]
[SourceQuality "1"]

1. e4 Nc6 2. d4 e5 3. Nf3 exd4 4. Nxd4 Qh4 5. Nb5 Bc5 6. Qe2 Qd8 7. Qh5 d6 8. Qg5 Nf6 9. Qxg7 Rg8 10. Nxc7+ Ke7 11. Nd5+ Nxd5 12. Bg5+ Kd7 13. Qxf7+ Nde7 14. Bxe7 Nxe7 15. Nc3 Rf8 16. Bb5+ Kc7 17. Nd5+ Kb8 18. Qxe7 Bxf2+ 19. Ke2 Bg4+ 20. Kd3 a6 21. Ba4 Qc8 22. Rhf1 Ka7 23. c3 Be2+ 24. Kxe2 Qc4+ 25. Kd2 Qxa4 26. b3 Qa3 27. Kc2 Rae8 28. Qxh7 Bc5 29. Rf3 Rh8 30. Qf7 Rxe4 31. Nf4 Ree8 32. Nd3 Re2+ 33. Kd1 Rhe8 34. Qg6 Rxa2 35. Rxa2 Qxa2 36. Nc1 1-0

[Event "Vojvodina-chT 2nd League"]
[Site "Sombor"]
[Date "2010.10.13"]
[Round "5"]
[White "Dekic, Josip"]
[Black "Stojanovic, Zoran J"]
[Result "1/2-1/2"]
[WhiteElo "2307"]
[BlackElo "2252"]
[PlyCount "32"]
[EventDate "2010.10.10"]
[EventType "team-tourn"]
[EventRounds "9"]
[EventCountry "YUG"]
[SourceTitle "CBM 138 Extra"]
[Source "ChessBase"]
[SourceDate "2010.10.29"]
[SourceVersion "1"]
[SourceVersionDate "2010.10.29"]
[SourceQuality "1"]

1. e4 c6 2. Nf3 d5 3. Nc3 Bg4 4. h3 Bxf3 5. Qxf3 e6 6. Be2 Nf6 7. 0-0 Nbd7 8. d4 dxe4 9. Nxe4 Nxe4 10. Qxe4 Nf6 11. Qd3 Bd6 12. c4 h6 13. Rd1 0-0 14. Be3 Qc7 15. Qb3 Bh2+ 16. Kh1 Bf4 1/2-1/2

[Event "Vojvodina-chT 2nd League"]
[Site "Sombor"]
[Date "2010.10.11"]
[Round "2"]
[White "Ratkovic, Miloje"]
[Black "Stojanovic, Zoran J"]
[Result "1/2-1/2"]
[WhiteElo "2079"]
[BlackElo "2252"]
[PlyCount "76"]
[EventDate "2010.10.10"]
[EventType "team-tourn"]
[EventRounds "9"]
[EventCountry "YUG"]
[SourceTitle "CBM 138 Extra"]
[Source "ChessBase"]
[SourceDate "2010.10.29"]
[SourceVersion "1"]
[SourceVersionDate "2010.10.29"]
[SourceQuality "1"]

1. d4 Nf6 2. Nf3 e6 3. c4 b6 4. e3 Bb7 5. Bd3 Be7 6. 0-0 0-0 7. Nc3 d5 8. cxd5 exd5 9. Qe2 Re8 10. Rd1 a6 11. b3 Bd6 12. Bb2 Nbd7 13. Rac1 Qe7 14. Qc2 Ne4 15. Ne2 Rac8 16. Ng3 g6 17. Qe2 Ra8 18. Nd2 f5 19. a4 Ndf6 20. Nf3 Nd7 21. Nd2 Rf8 22. Ngf1 Rfe8 23. f3 Nxd2 24. Qxd2 Nf6 25. Re1 Qf8 26. f4 Re6 27. h3 Qe7 28. Bc3 Re8 29. Kf2 Ne4+ 30. Bxe4 fxe4 31. Qe2 Qh4+ 32. Kg1 g5 33. f5 Rf6 34. Qg4 h5 35. Qxh4 gxh4 36. Re2 Rxf5 37. Be1 Ref8 38. Bxh4 a5 1/2-1/2